<?xml version="1.0" encoding="UTF-8"?>
<record
    xmlns:xsi="http://www.w3.org/2001/XMLSchema-instance"
    xsi:schemaLocation="http://www.loc.gov/MARC21/slim http://www.loc.gov/standards/marcxml/schema/MARC21slim.xsd"
    xmlns="http://www.loc.gov/MARC21/slim">

  <leader>01240cam a2200301 a 4500</leader>
  <controlfield tag="001">212</controlfield>
  <controlfield tag="003">BR-CuiBMT</controlfield>
  <controlfield tag="005">20231117171209.0</controlfield>
  <controlfield tag="008">230830s2022    mgba          000 0 por d</controlfield>
  <datafield tag="020" ind1=" " ind2=" ">
    <subfield code="a">9786555183238 (v. 1)</subfield>
  </datafield>
  <datafield tag="020" ind1=" " ind2=" ">
    <subfield code="a">9786555183245 (v. 2)</subfield>
  </datafield>
  <datafield tag="040" ind1=" " ind2=" ">
    <subfield code="a">BR-CuiBMT</subfield>
    <subfield code="c">BR-CuiBMT</subfield>
  </datafield>
  <datafield tag="080" ind1=" " ind2=" ">
    <subfield code="2">2007</subfield>
    <subfield code="a">342.92</subfield>
  </datafield>
  <datafield tag="090" ind1=" " ind2=" ">
    <subfield code="a">342.92</subfield>
    <subfield code="b">C732</subfield>
  </datafield>
  <datafield tag="245" ind1="0" ind2="0">
    <subfield code="a">Coment&#xE1;rios &#xE0; lei de licita&#xE7;&#xF5;es e contratos administrativos :</subfield>
    <subfield code="b">Lei n&#xB0; 14.133, de 1&#xB0; de abril de 2021 /</subfield>
    <subfield code="c">Cristina Fortini, Rafael S&#xE9;rgio Lima de Oliveira, Tatiana Camar&#xE3;o, coordenadores ; pref&#xE1;cio Benjamin Zymler.</subfield>
  </datafield>
  <datafield tag="260" ind1=" " ind2=" ">
    <subfield code="a">Belo Horizonte :</subfield>
    <subfield code="b">F&#xF3;rum,</subfield>
    <subfield code="c">2022.</subfield>
  </datafield>
  <datafield tag="300" ind1=" " ind2=" ">
    <subfield code="a">2 v. :</subfield>
    <subfield code="b">il. ;</subfield>
    <subfield code="c">24 cm</subfield>
  </datafield>
  <datafield tag="504" ind1=" " ind2=" ">
    <subfield code="a">Inclui bibliografia. </subfield>
  </datafield>
  <datafield tag="505" ind1="0" ind2=" ">
    <subfield code="a">Conte&#xFA;do completo: v. 1. Artigos 1&#xB0; ao 70 -- v. 2. Artigos 71 ao 194.</subfield>
  </datafield>
  <datafield tag="590" ind1=" " ind2=" ">
    <subfield code="a">A Biblioteca possui a 1. reimpr. 2022.</subfield>
  </datafield>
  <datafield tag="650" ind1=" " ind2=" ">
    <subfield code="a">Direito administrativo</subfield>
    <subfield code="x">Licita&#xE7;&#xF5;es</subfield>
    <subfield code="z">Brasil</subfield>
  </datafield>
  <datafield tag="650" ind1=" " ind2=" ">
    <subfield code="a">Contratos administrativos</subfield>
    <subfield code="x">Administra&#xE7;&#xE3;o p&#xFA;blica</subfield>
    <subfield code="z">Brasil</subfield>
  </datafield>
  <datafield tag="650" ind1=" " ind2=" ">
    <subfield code="a">Contrata&#xE7;&#xE3;o p&#xFA;blica</subfield>
    <subfield code="x">Normas de controle</subfield>
  </datafield>
  <datafield tag="700" ind1="1" ind2=" ">
    <subfield code="a">Fortini, Cristiana,</subfield>
    <subfield code="d">1973-</subfield>
    <subfield code="4">coord.</subfield>
  </datafield>
  <datafield tag="700" ind1="1" ind2=" ">
    <subfield code="a">Oliveira, Rafael S&#xE9;rgio Lima de</subfield>
    <subfield code="4">coord.</subfield>
  </datafield>
  <datafield tag="700" ind1="1" ind2=" ">
    <subfield code="a">Camar&#xE3;o, Tatiana Martins da Costa,</subfield>
    <subfield code="d">1969-</subfield>
    <subfield code="4">coord.</subfield>
  </datafield>
  <datafield tag="942" ind1=" " ind2=" ">
    <subfield code="2">udc</subfield>
    <subfield code="c">LV</subfield>
  </datafield>
  <datafield tag="952" ind1=" " ind2=" ">
    <subfield code="0">0</subfield>
    <subfield code="1">0</subfield>
    <subfield code="2">udc</subfield>
    <subfield code="4">0</subfield>
    <subfield code="7">0</subfield>
    <subfield code="a">BIBTCEMT</subfield>
    <subfield code="b">BIBTCEMT</subfield>
    <subfield code="d">2023-06-28</subfield>
    <subfield code="h">v. 1</subfield>
    <subfield code="l">0</subfield>
    <subfield code="o">342.92 C732</subfield>
    <subfield code="p">BIBTCEMT23080191</subfield>
    <subfield code="r">2023-08-30</subfield>
    <subfield code="t">Ex. 1</subfield>
    <subfield code="w">2023-08-30</subfield>
    <subfield code="y">LV</subfield>
    <subfield code="z">1. reimpr. 2022</subfield>
  </datafield>
  <datafield tag="952" ind1=" " ind2=" ">
    <subfield code="0">0</subfield>
    <subfield code="1">0</subfield>
    <subfield code="2">udc</subfield>
    <subfield code="4">0</subfield>
    <subfield code="7">0</subfield>
    <subfield code="a">BIBTCEMT</subfield>
    <subfield code="b">BIBTCEMT</subfield>
    <subfield code="d">2023-06-28</subfield>
    <subfield code="h">v. 2</subfield>
    <subfield code="l">0</subfield>
    <subfield code="o">342.92 C732</subfield>
    <subfield code="p">BIBTCEMT23100035</subfield>
    <subfield code="r">2023-10-26</subfield>
    <subfield code="t">Ex. 1</subfield>
    <subfield code="w">2023-08-30</subfield>
    <subfield code="y">LV</subfield>
    <subfield code="z">1. reimpr. 2022</subfield>
  </datafield>
  <datafield tag="952" ind1=" " ind2=" ">
    <subfield code="0">0</subfield>
    <subfield code="1">0</subfield>
    <subfield code="2">udc</subfield>
    <subfield code="4">0</subfield>
    <subfield code="7">0</subfield>
    <subfield code="a">BIBTCEMT</subfield>
    <subfield code="b">BIBTCEMT</subfield>
    <subfield code="d">2023-11-17</subfield>
    <subfield code="h">v. 1</subfield>
    <subfield code="l">0</subfield>
    <subfield code="o">342.92 C732</subfield>
    <subfield code="p">BIBTCEMT23110698</subfield>
    <subfield code="r">2023-11-17</subfield>
    <subfield code="t">Ex. 2</subfield>
    <subfield code="w">2023-11-17</subfield>
    <subfield code="y">LV</subfield>
    <subfield code="z">1. reimpr. 2022</subfield>
  </datafield>
  <datafield tag="952" ind1=" " ind2=" ">
    <subfield code="0">0</subfield>
    <subfield code="1">0</subfield>
    <subfield code="2">udc</subfield>
    <subfield code="4">0</subfield>
    <subfield code="7">0</subfield>
    <subfield code="a">BIBTCEMT</subfield>
    <subfield code="b">BIBTCEMT</subfield>
    <subfield code="d">2023-11-17</subfield>
    <subfield code="h">v. 1</subfield>
    <subfield code="l">0</subfield>
    <subfield code="o">342.92 C732</subfield>
    <subfield code="p">BIBTCEMT23110701</subfield>
    <subfield code="r">2023-11-17</subfield>
    <subfield code="t">Ex. 3</subfield>
    <subfield code="w">2023-11-17</subfield>
    <subfield code="y">LV</subfield>
    <subfield code="z">1. reimpr. 2022</subfield>
  </datafield>
  <datafield tag="952" ind1=" " ind2=" ">
    <subfield code="0">0</subfield>
    <subfield code="1">0</subfield>
    <subfield code="2">udc</subfield>
    <subfield code="4">0</subfield>
    <subfield code="7">0</subfield>
    <subfield code="a">BIBTCEMT</subfield>
    <subfield code="b">BIBTCEMT</subfield>
    <subfield code="d">2023-11-17</subfield>
    <subfield code="h">v. 1</subfield>
    <subfield code="l">0</subfield>
    <subfield code="o">342.92 C732</subfield>
    <subfield code="p">BIBTCEMT23110702</subfield>
    <subfield code="r">2023-11-17</subfield>
    <subfield code="t">Ex. 4</subfield>
    <subfield code="w">2023-11-17</subfield>
    <subfield code="y">LV</subfield>
    <subfield code="z">1. reimpr. 2022</subfield>
  </datafield>
  <datafield tag="952" ind1=" " ind2=" ">
    <subfield code="0">0</subfield>
    <subfield code="1">0</subfield>
    <subfield code="2">udc</subfield>
    <subfield code="4">0</subfield>
    <subfield code="7">0</subfield>
    <subfield code="a">BIBTCEMT</subfield>
    <subfield code="b">BIBTCEMT</subfield>
    <subfield code="d">2023-11-17</subfield>
    <subfield code="h">v. 1</subfield>
    <subfield code="l">0</subfield>
    <subfield code="o">342.92 C732</subfield>
    <subfield code="p">BIBTCEMT23110703</subfield>
    <subfield code="r">2023-11-17</subfield>
    <subfield code="t">Ex. 5</subfield>
    <subfield code="w">2023-11-17</subfield>
    <subfield code="y">LV</subfield>
    <subfield code="z">1. reimpr. 2022</subfield>
  </datafield>
  <datafield tag="952" ind1=" " ind2=" ">
    <subfield code="0">0</subfield>
    <subfield code="1">0</subfield>
    <subfield code="2">udc</subfield>
    <subfield code="4">0</subfield>
    <subfield code="7">0</subfield>
    <subfield code="a">BIBTCEMT</subfield>
    <subfield code="b">BIBTCEMT</subfield>
    <subfield code="d">2023-11-17</subfield>
    <subfield code="h">v. 2</subfield>
    <subfield code="l">0</subfield>
    <subfield code="o">342.92 C732</subfield>
    <subfield code="p">BIBTCEMT23110704</subfield>
    <subfield code="r">2023-11-17</subfield>
    <subfield code="t">Ex. 2</subfield>
    <subfield code="w">2023-11-17</subfield>
    <subfield code="y">LV</subfield>
    <subfield code="z">1. reimpr. 2022</subfield>
  </datafield>
  <datafield tag="952" ind1=" " ind2=" ">
    <subfield code="0">0</subfield>
    <subfield code="1">0</subfield>
    <subfield code="2">udc</subfield>
    <subfield code="4">0</subfield>
    <subfield code="7">0</subfield>
    <subfield code="a">BIBTCEMT</subfield>
    <subfield code="b">BIBTCEMT</subfield>
    <subfield code="d">2023-11-17</subfield>
    <subfield code="h">v. 2</subfield>
    <subfield code="l">0</subfield>
    <subfield code="o">342.92 C732</subfield>
    <subfield code="p">BIBTCEMT23110705</subfield>
    <subfield code="r">2023-11-17</subfield>
    <subfield code="t">Ex. 3</subfield>
    <subfield code="w">2023-11-17</subfield>
    <subfield code="y">LV</subfield>
    <subfield code="z">1. reimpr. 2022</subfield>
  </datafield>
  <datafield tag="952" ind1=" " ind2=" ">
    <subfield code="0">0</subfield>
    <subfield code="1">0</subfield>
    <subfield code="2">udc</subfield>
    <subfield code="4">0</subfield>
    <subfield code="7">0</subfield>
    <subfield code="a">BIBTCEMT</subfield>
    <subfield code="b">BIBTCEMT</subfield>
    <subfield code="d">2023-11-17</subfield>
    <subfield code="h">v. 2</subfield>
    <subfield code="l">0</subfield>
    <subfield code="o">342.92 C732</subfield>
    <subfield code="p">BIBTCEMT23110706</subfield>
    <subfield code="r">2023-11-17</subfield>
    <subfield code="t">Ex. 4</subfield>
    <subfield code="w">2023-11-17</subfield>
    <subfield code="y">LV</subfield>
    <subfield code="z">1. reimpr. 2022</subfield>
  </datafield>
  <datafield tag="952" ind1=" " ind2=" ">
    <subfield code="0">0</subfield>
    <subfield code="1">0</subfield>
    <subfield code="2">udc</subfield>
    <subfield code="4">0</subfield>
    <subfield code="7">0</subfield>
    <subfield code="a">BIBTCEMT</subfield>
    <subfield code="b">BIBTCEMT</subfield>
    <subfield code="d">2023-11-17</subfield>
    <subfield code="h">v. 2</subfield>
    <subfield code="l">0</subfield>
    <subfield code="o">342.92 C732</subfield>
    <subfield code="p">BIBTCEMT23110707</subfield>
    <subfield code="r">2023-11-17</subfield>
    <subfield code="t">Ex. 5</subfield>
    <subfield code="w">2023-11-17</subfield>
    <subfield code="y">LV</subfield>
    <subfield code="z">1. reimpr. 2022</subfield>
  </datafield>
  <datafield tag="999" ind1=" " ind2=" ">
    <subfield code="c">212</subfield>
    <subfield code="d">212</subfield>
  </datafield>
</record>
